000 00741nam a22001815i 4500
001 162009
003 ES-MaACL
005 20230906212414.0
008 041027s1901 sp |||| | spa d
040 _aCAM
_bspa
_cCAM
100 1 _aPeyri Rocamora, Jaime.
_9198161
245 1 0 _aContribución al estudio bacteriológico y terapéutica de la lepra
_b: tésis que para el grado de doctor en medicina /
_cpresenta Jaime Peyrí Rocamora, Curso 1900-1901.
260 _aBarcelona :
_b[s.n.,
_c1901?] (
_fEstablecimiento tipográfico de Vilà y Cª)
300 _a16 p. ;
_c25 cm.
650 0 4 _aLepra.
_914372
852 _aES-MaACL
_jT-1046-F-15
_z-- Enc. hol.
_q-- Falto de la cub. original
_z-- Enc. en un vol. facticio
999 _c162009
_d162009